Obálka Náhled e-knihy:
PDF Epub
Pro půjčování e-knih musíte být přihlášeni.
Jak si půjčit online?

Povídky ke kávě. X., Jak přežít třídní a jiné srazy /

Autorka v předchozích letech úspěšně publikovala již devět dílů cyklu "Povídky ke kávě" a nyní přichází s další částí této povídkové série. Čtenáře oslovuje uceleným souborem humorných textů doslova "ze života".

Uloženo v:
Série:Povídky ke kávě, část 10
Hlavní autor: Hrabáková, Hana, 1962- (Autor)
Médium: E-kniha
Jazyk:Czech
Vydáno: [Beroun] : Machart, 2024
Vydání:Vydání první
Edice:Mea culpa
Témata:
Příbuzné jednotky:Z cyklu:: Povídky ke kávě
Tagy:
Žádné tagy
LEADER 03019nam a2200553 i 4500
001 312591
003 CZ PrSKC
005 20260601215725.0
007 ta
008 241106s2024 xr g 000 jacze
015 |a cnb003641226 
020 |a 9788076560987  |q (brožováno) 
035 |a (OCoLC)1572323322 
040 |a BOA001  |b cze  |e rda 
043 |a e-xr--- 
045 |a x-y- 
072 7 |a 821.162.3-3  |x Česká próza  |2 Konspekt 
072 7 |a 929  |x Biografie  |2 Konspekt 
080 |a 821.162.3-32  |2 MRF 
080 |a 373.2.011.3-055.2  |2 MRF 
080 |a 929  |2 MRF 
080 |a (437.3)  |2 MRF 
080 |a (0:82-322.6)  |2 MRF 
100 1 |a Hrabáková, Hana,  |d 1962-  |7 osa2015889506  |4 aut 
245 1 0 |a Povídky ke kávě.  |n X.,  |p Jak přežít třídní a jiné srazy /  |c Hana Hrabáková 
246 3 0 |a Jak přežít třídní a jiné srazy 
250 |a Vydání první 
264 1 |a [Beroun] :  |b Machart,  |c 2024 
300 |a 77 stran ;  |c 18 cm 
336 |a text  |b txt  |2 rdacontent 
337 |a bez média  |b n  |2 rdamedia 
338 |a svazek  |b nc  |2 rdacarrier 
490 1 |a Mea culpa ;  |v 24. svazek 
520 2 |a Autorka v předchozích letech úspěšně publikovala již devět dílů cyklu "Povídky ke kávě" a nyní přichází s další částí této povídkové série. Čtenáře oslovuje uceleným souborem humorných textů doslova "ze života".  |b Podtitul aktuální povídkové knihy "Jak přežít třídní a jiné srazy" napovídá, okolo čeho se bude děj jednotlivých příběhů točit. Společně si uvědomíme, co to znamená se "srazit" - a to nejen v přeneseném smyslu slova. Srážky s přáteli i dávnými láskami, s nimiž nás pojí společné vzpomínky, mohou mít humorné i sladkobolné důsledky... Nutno ale dodat, že i tentokrát humor, nadsázka a často nelítostná ironie mají převahu nad melancholií a vzdycháním nad dávno zmizelými časy. Nakladatelská anotace. Kráceno. 
600 1 7 |a Hrabáková, Hana,  |d 1962-  |7 osa2015889506  |2 czenas 
648 7 |a 20.-21. století  |7 ch462155  |2 czenas 
650 0 7 |a učitelky mateřských škol  |7 ph276826  |z Česko  |y 20.-21. století  |2 czenas 
650 0 9 |a women kindergarten teachers  |z Czechia  |y 20th-21st centuries  |2 eczenas 
655 7 |a české povídky  |7 fd133971  |2 czenas 
655 7 |a autobiografické povídky  |7 fd131849  |2 czenas 
655 9 |a Czech short stories  |2 eczenas 
655 9 |a autobiographical short stories  |2 eczenas 
787 0 8 |i Z cyklu:  |t Povídky ke kávě  |g 10 
830 0 |a Mea culpa 
900 |a ABA001  |b 19 
044 |a xr 
910 |a RBIT002 
998 |d 416402  |a https://core.palmknihy.cz/api/books/416402/cover?snys8p  |b https://core.palmknihy.cz/api/books/416402/cover/400?snys8p  |c https://core.palmknihy.cz/api/books/416402/cover/50?snys8p  |e 2050-01-01  |g 80  |i 9788076560987  |j https://core.palmknihy.cz/api/books/416402/preview.epub  |k https://core.palmknihy.cz/api/books/416402/preview.pdf  |l   |q 49  |r 1  |s https://www.palmknihy.cz/kniha/416402  |t ebook  |y 2024  |z 0  |v Povídky ke kávě  |w 10 
999 |d 312589